| Поле | Инд. | ПП | Название | Значение |
|---|---|---|---|---|
| Тип записи | a | |||
| Библиографический уровень | b | |||
| 001 | Контрольный номер | RU/IS/BASE/142696504 | ||
| 005 | Дата корректировки | 20200529173546.5 | ||
| 084 | a | Индекс другой классификации/Индекс ББК | 60.50в | |
| 100 | 10 | a | Автор | Плотинский Ю. М. |
| 245 | 00 | a | Заглавие | Модели социальных систем и современность |
| 504 | 00 | a | Библиография | Библиогр. ссылки |
| 520 | 00 | a | Аннотация | Основной целью данной работы является структурирование различных подходов к изучению социальных систем, опираясь на два методологических принципа: модельный и междисциплинарный |
| 650 | a | Основная рубрика | социология | |
| 653 | 00 | a | Ключевые слова | виртуальные системы |
| a | Ключевые слова | когнитивные системы | ||
| a | Ключевые слова | междисциплинарный подход | ||
| a | Ключевые слова | методология социологии | ||
| a | Ключевые слова | модельный подход | ||
| a | Ключевые слова | система культуры | ||
| a | Ключевые слова | социальная структура | ||
| a | Ключевые слова | социальные системы | ||
| a | Ключевые слова | социологическая теория | ||
| a | Ключевые слова | теория правил систем | ||
| 773 | 00 | t | Заглавие источника | Вестник Московского университета. Серия 18, Социология и политология |
| d | Дата издания источника | 2000 | ||
| g | Прочая информация | № 4. - С. 96 - 107 | ||
| w | Контрольный № источника | RU/IS/BASE/148579478 | ||
| 901 | t | Тип документа | b |